MARC

LEADER 00000nab a2200000 a 4500
001 vtls000100338
003 SK-MaSNL
005 20260303234204.0
008 240112c1981 xo 0 slo
015 |a SNBRB19rr/mm-uuuuu 
035 |a CL0110441 
040 |a SNKBUCL  |b slo  |c SNKBUCL  |e AACR2 
041 0 |a slo 
044 |a xo  |c SK 
080 |a 82:061:885.4  |2 1981 
080 |a 061  |2 1981 
080 |a 885.4  |2 1981 
080 |a 82  |2 1981 
080 |a 92 Beňo, Ladislav  |2 1981 
080 |a 929 Oleríny, Vladimír  |2 1981 
080 |a 929 Procházka, Miro  |2 1981 
245 0 0 |a Prijatia jubilantov na ZSS 
600 1 7 |a Beňo, Ladislav,  |d 1921-2009  |2 snkbucl  |9 195418 
600 1 7 |a Oleríny, Vladimír,  |d 1921-2016  |2 snkbucl  |9 57415 
600 1 7 |a Procházka, Miro,  |d 1921-2005  |2 snkbucl  |9 108085 
650 0 7 |a jubileá  |2 snkbucl  |9 29624 
655 7 |a články z novín a časopisov  |2 snkbucl  |9 267496 
655 7 |a články z odboru literárna veda a krásna literatúra  |2 snkbucl  |9 770045 
655 7 |a poznámky  |2 snkbucl  |9 285558 
773 0 |t Slovenské pohľady  |g Roč. 97, č. 10 (1981), s. 158-159 
850 |a Slovenská národná knižnica v Martine  |a MTA001 
852 |a SNK  |b KIS3GCP 
954 |a odborná, vedecká literatúra pôvodná (slovenská)  |2 lita 
958 |a RK 
958 |a LX 
958 |a SK 
992 |a RBX 
999 |c 2519721  |d 2521651